000 00556nam a2200169 4500
008 0 1996 0a 000 0ESP
020 _a84-8086-252-1
050 _aQA76.9.S88 W4518
082 _a001.61 W179a
100 _aWhitten, Jeffrey L.
245 _aAn lisis y Diseño de Sistemas de Imformación / Jeffrey L. Whitten, Bentey Lonnie D., Barlow Víctor M.
250 _a3
260 _aColombia : McGraw-Hill
300 _avi, 907 p. / 23.5 cm.
500 _aIncluye índice.
650 _a1.DISEÑO DE SISTEMAS \ 2.ANÁLISIS DE SISTEMAS
999 _c11844
_d11844